|
|
|
|
| LEADER |
01318nab#a2200421#ar4500 |
| 001 |
000108053 |
| 003 |
SVKKK |
| 005 |
20120504085348.0 |
| 008 |
120504c2012 xo |||||||||||||||b|eng |
| FMT |
|
|
|
| 015 |
|
|
|a SNBRB2012/05
|
| 038 |
|
|
|a SVKKK
|
| 040 |
|
|
|a SVKKK
|b slo
|e AACR2
|
| 041 |
0 |
|
|a eng
|b eng
|
| 044 |
|
|
|a xo
|c SK
|
| 080 |
|
|
|a 621.762
|2 1997
|
| 080 |
|
|
|a 621.9.02
|2 1997
|
| 080 |
|
|
|a 669.056.9
|2 1997
|
| 100 |
1 |
|
|a Jakubéczyová, D.
|4 aut
|
| 242 |
1 |
0 |
|a Vyhodnotenie vlastností viacvrstvových a viaczložkových PVD náterov nanesených na rezné nástroje vyrobené práškovou metalurgiou
|
| 245 |
1 |
0 |
|a Evaluation of properties of multilayer and multicomponent PVD coatings deposited on the cutting tools produced by powder metallurgy
|c D. Jakubéczyová, M. Hagarová, J. Savková
|
| 300 |
|
|
|b Obr., tab.
|
| 504 |
|
|
|a Bibliogr. odkazy
|
| 504 |
|
|
|a Res. angl.
|
| 650 |
0 |
4 |
|a PVD povlaky
|
| 650 |
0 |
4 |
|a rezné nástroje
|
| 650 |
0 |
4 |
|a prášková metalurgia
|
| 700 |
1 |
|
|a Hagarová, M.
|4 aut
|
| 700 |
1 |
|
|a Savková, J.
|4 aut
|
| 773 |
0 |
|
|t Acta metallurgica slovaca
|x 1338-1156
|g Roč. 18, č. 1 (2012), s. 13-19
|
| 958 |
|
|
|a NB
|
| 974 |
|
|
|a Ma
|
| 992 |
|
|
|a RBX
|
| BAS |
|
|
|
| 852 |
|
|
|a SVKKK
|b BIB
|
| 856 |
4 |
1 |
|u http://www.ams.tuke.sk/index.php?mi=06&lng=sk
|
| EXP |
|
|
|
| 998 |
|
|
|a HUT
|